Medzinárodný obchod 1

Uložené v:
Podrobná bibliografia
Hlavný autor: Michník, Ľubomír
Korporativný autor: Ekonomická univerzita v Bratislave. Obchodná fakulta
Médium: Kniha
Jazyk:Slovak
Vydavateľské údaje: Bratislava EU 1994
Vydanie:3. vyd.
Predmet:
Tagy: Pridať tag
Žiadne tagy, Buďte prvý, kto otaguje tento záznam!

MARC

LEADER 00000nam a2200000 4500
001 c005117
005 20221214074526.3
020 |a 80-225-0569-2 
041 0 |a slo 
044 |a SK 
245 1 0 |a Medzinárodný obchod 1  |c Ľubomír Michník a kol. 
250 |a 3. vyd. 
264 1 |a Bratislava  |b EU  |c 1994 
300 |a 239 s. 
610 2 0 |a obchod zahraničný 
610 2 0 |a deľba práce medzinárodná 
610 2 0 |a rast hospodársky 
610 2 0 |a politika zahraničnoobchodná 
610 2 0 |a sústava menová 
610 2 0 |a sústava finančná 
610 2 0 |a bilancia platobná 
610 2 0 |a marketing medzinárodný 
610 2 0 |a služby obchodné 
610 2 0 |a podnikanie 
100 1 |a Michník, Ľubomír 
710 2 |a Ekonomická univerzita v Bratislave. Obchodná fakulta